Good karma : (Record no. 5443)
[ view plain ]
| 000 -LEADER | |
|---|---|
| fixed length control field | 01528cam a2200241 4500 |
| 001 - CONTROL NUMBER | |
| control field | 6455 |
| 010 ## - LIBRARY OF CONGRESS CONTROL NUMBER | |
| LC control number | 2015038921 |
| 020 ## - INTERNATIONAL STANDARD BOOK NUMBER | |
| International Standard Book Number | 9781569570456 |
| 100 0# - MAIN ENTRY--PERSONAL NAME | |
| Personal name | Chodron, Thubten. |
| Dates associated with a name | 1950- |
| Relator term | |
| 245 10 - TITLE STATEMENT | |
| Title | Good karma : |
| Remainder of title | how to create the causes of happiness and avoid the causes of suffering / |
| Statement of responsibility, etc. | Thubten Chodron. |
| 250 ## - EDITION STATEMENT | |
| Edition statement | First Edition. |
| 264 #1 - PRODUCTION, PUBLICATION, DISTRIBUTION, MANUFACTURE, AND COPYRIGHT NOTICE | |
| Place of production, publication, distribution, manufacture | Boulder : |
| Name of producer, publisher, distributor, manufacturer | Shambhala, |
| Date of production, publication, distribution, manufacture, or copyright notice | 2016. |
| 300 ## - PHYSICAL DESCRIPTION | |
| Extent | xii, 256 pages ; |
| Dimensions | 23 cm |
| 336 ## - CONTENT TYPE | |
| Content type term | text |
| Content type code | txt |
| Source | rdacontent |
| 337 ## - MEDIA TYPE | |
| Media type term | unmediated |
| Media type code | n |
| Source | rdamedia |
| 338 ## - CARRIER TYPE | |
| Carrier type term | volume |
| Carrier type code | nc |
| Source | rdacarrier |
| 504 ## - BIBLIOGRAPHY, ETC. NOTE | |
| Bibliography, etc. note | Includes bibliographical references (pages 255-256). |
| 520 ## - SUMMARY, ETC. | |
| Summary, etc. | Why do things happen the way they do in our lives? How do we create the causes for a happy life? The Buddhist practice of mind training gives us the answer to these questions: it involves overcoming our self-centered attitude and replacing it with an attitude that cherishes others. This, in turn, leads us to act in ways that naturally lead away from suffering and toward happiness-- in short, to create good karma. Thubten Chodron offers a commentary on one of the great Tibetan Buddhist poems, The Wheel of Sharp Weapons, which shows, clearly and practically, how to eliminate the causes of anxiety, fear, and depression and to create the causes of joyful liberation for oneself and all others. |
| 650 ## - SUBJECT ADDED ENTRY--TOPICAL TERM | |
| Topical term or geographic name entry element | Religion and Spirituality. |
| Form subdivision | |
| General subdivision | |
| Chronological subdivision | |
| Geographic subdivision | |
| Source of heading or term | |
| Topical term or geographic name entry element | Happiness |
| General subdivision | Religious aspects |
| -- | Buddhism. |
| Topical term or geographic name entry element | Religious life |
| General subdivision | Buddhism. |
| Topical term or geographic name entry element | Suffering |
| General subdivision | Religious aspects |
| -- | Buddhism. |
| Withdrawn status | Lost status | Source of classification or shelving scheme | Damaged status | Not for loan | Collection code | Home library | Current library | Shelving location | Date acquired | Serial Enumeration / chronology | Inventory number | Total Checkouts | Total Renewals | Full call number | Barcode | Date last seen | Date last checked out | Price effective from | Koha item type |
|---|---|---|---|---|---|---|---|---|---|---|---|---|---|---|---|---|---|---|---|
| Dewey Decimal Classification | Main TEST | RTC Library | RTC Library | Main opac | 27/11/2018 | 10153 | 7 | 5 | 245.32 CHO | 30011216 | 06/06/2024 | 16/05/2024 | 27/11/2018 | Main |